000 01580nam a2200337 c 4500
999 _c174395
_d174395
003 BLK
005 20221026134620.0
008 180411b bul|||||r ||||||| ||bul||
010 _aKNG00182871000
040 _aBLK
041 _aBUL
_cBUL
080 _aОкеанология (океанография). Релеф на морското дъно - Общи въпроси, теория, наблюдения, прибори, приложна океанология, зони на морето и тяхното хоризонтално деление, морско равнище, вълни, при
_b551.46
_z551.46
100 1 _aСтевенс, Жак
_eпърви автор
_9124063
139 _aСтевенс, Жак
_bС 75
245 1 0 _aПътувания в бездната
_bОкеаногр. изследвания
_cЖак Стевенс; прев. от фр. Райна Стефанова.
257 _aFRA
260 _bГеорги Бакалов
_c1976
_aСофия
300 _a164 с.
_c23 см
380 _a5
490 _aБиблиотека Нептун
_vкн. 3
_9205192
650 4 _aОкеанология
_9164875
653 _aокеанография
653 _aморска фауна
700 1 _aСтефанова, Райна
_eпрев. от фр.
_gБърнева, Райна Христова
_9368150
852 _aЦб 84629
856 4 _qpdf
_i0.00
_ldisable
856 4 _qpdf
_i0.00
_ldisable
942 _cKNG
_n0
_s1
944 _aCR
_c29.09.2015
_kВаля_Йорданова
944 _aED
_c26.09.2017
_kМилена_Ачева
999 _d174395